Guide to JCT Standard Building Contract 2016 (Record no. 116089)

MARC details
000 -LEADER
fixed length control field 00991cam a22002295a 4500
001 - CONTROL NUMBER
control field L159697
008 - FIXED-LENGTH DATA ELEMENTS--GENERAL INFORMATION
fixed length control field 171212s2017 xxk f 000 0 eng d
020 ## - INTERNATIONAL STANDARD BOOK NUMBER
International Standard Book Number 9781859466407
035 ## - SYSTEM CONTROL NUMBER
System control number (Sirsi) u159697
041 0# - LANGUAGE CODE
Language code of text/sound track or separate title eng
050 04 - LIBRARY OF CONGRESS CALL NUMBER
Classification number 692.8
100 1# - MAIN ENTRY--PERSONAL NAME
Personal name Lupton, Sarah
245 00 - TITLE STATEMENT
Title Guide to JCT Standard Building Contract 2016
260 ## - PUBLICATION, DISTRIBUTION, ETC.
Place of publication, distribution, etc. London
Name of publisher, distributor, etc. RIBA
Date of publication, distribution, etc. 2016
520 ## - SUMMARY, ETC.
Summary, etc. Offers comprehensive guidance on the JCT Standard Building Contract 2016 including with Quantities (SBC/Q), Approximate Quantites (SBC/AQ) and without Quantities. Includes differences between 2011 and 2016 versions. Looks at documents, obligations of the contractor, commencement and completion, control of the works, sums property due, certification, indemnity and insurance, termination and dispute resolution.
590 ## - LOCAL NOTE (RLIN)
Local note KA
650 24 - SUBJECT ADDED ENTRY--TOPICAL TERM
Topical term or geographic name entry element JOINT CONTRACTS TRIBUNAL
650 24 - SUBJECT ADDED ENTRY--TOPICAL TERM
Topical term or geographic name entry element JCT STANDARD BUILDING CONTRACT 2016
651 #4 - SUBJECT ADDED ENTRY--GEOGRAPHIC NAME
Geographic name ENGLAND AND WALES
690 ## - LOCAL SUBJECT ADDED ENTRY--TOPICAL TERM (OCLC, RLIN)
Topical term or geographic name as entry element Contracts
9 (RLIN) 6232
942 ## - ADDED ENTRY ELEMENTS (KOHA)
Suppress in OPAC 0
Source of classification or shelving scheme Dewey Decimal Classification
Holdings
Withdrawn status Lost status Source of classification or shelving scheme Damaged status Not for loan Home library Current library Shelving location Date acquired Total Checkouts Full call number Barcode Date last seen Copy number Price effective from Koha item type
    Dewey Decimal Classification     London London Books 12/12/2017   692.8 LUP 30075150 06/08/2019 1 06/08/2019 Book